| 000 | 00727nam a2200193 a 4500 | ||
|---|---|---|---|
| 001 | 000011292 | ||
| 005 | 20200929162417.0 | ||
| 008 | 860410s1987 xxua 000 0 eng | ||
| 020 | _a0881672203 | ||
| 040 |
_aDO-SdBNP _ceng _dBNPHU |
||
| 245 | 0 | 0 |
_aMagnetic resonance of the musculoskeletal system / _ceditor, Thomas H. Berquist ; co-editors, Richard L. Ehman, Michael L. Richardson. |
| 260 |
_aNew York : _bRaven Press, _c1987. |
||
| 300 |
_axi, 220 p. : _bil. ; _c25 cm. |
||
| 504 | _aIncluye referencias bibliográficas y notas al pie de las páginas | ||
| 504 | _aBibliografía : p. 208-209 | ||
| 700 | 1 |
_aBerquist, Thomas H., _eed. _926882 |
|
| 700 | 1 |
_aEhman, Richard L. _926883 |
|
| 700 | 1 |
_aRichardson, Michael L. _926884 |
|
| 999 |
_c11002 _d11002 |
||